Software Quality: Theory & Management (Record no. 188)

MARC details
000 -LEADER
fixed length control field 00464nam a22001817a 4500
005 - DATE AND TIME OF LATEST TRANSACTION
control field 20180206121952.0
008 - FIXED-LENGTH DATA ELEMENTS--GENERAL INFORMATION
fixed length control field 160428b xxu||||| |||| 00| 0 eng d
020 ## - INTERNATIONAL STANDARD BOOK NUMBER
ISBN 981-243859-9
041 ## - LANGUAGE CODE
Language code of text/sound track or separate title eng
082 ## - DEWEY DECIMAL CLASSIFICATION NUMBER
Item number 00651
Classification number 005.14
100 ## - MAIN ENTRY--AUTHOR NAME
Personal name Gillies, Alan C.
245 ## - TITLE STATEMENT
Title Software Quality: Theory & Management
250 ## - EDITION STATEMENT
Edition statement 2nd ed.
260 ## - PUBLICATION, DISTRIBUTION, ETC. (IMPRINT)
Place of publication India
Name of publisher Thomson Learning Inc,
Year of publication 2003
300 ## - PHYSICAL DESCRIPTION
Number of Pages 232
650 ## - SUBJECT ADDED ENTRY--TOPICAL TERM
Topical Term Information Technology
942 ## - ADDED ENTRY ELEMENTS (KOHA)
Koha item type Books
Holdings
Lost status Damaged status Collection code Home library Current library Shelving location Date acquired Cost, normal purchase price Full call number Accession Number Koha item type
    CS/IT JRU Library JRU Library SHELF-50-C 28/04/2016 184.00 005.14 00651 Books
    CS/IT JRU Library   SHELF-50-C 28/04/2016 184.00 005.14 00652 Books
    CS/IT JRU Library JRU Library SHELF-50-C 28/04/2016 184.00 005.14 00653 Books
    CS/IT JRU Library JRU Library SHELF-50-C 28/04/2016 184.00 005.14 00654 Books
    CS/IT JRU Library JRU Library SHELF-50-C 28/04/2016 184.00 005.14 00655 Books